IELTS 6.0 vẫn không nói được tiếng Anh /

שמור ב:
מידע ביבליוגרפי
מחבר ראשי: Lâm Dũng.
פורמט: Bài viết
שפה:Vietnamese
נושאים:
תגים: הוספת תג
אין תגיות, היה/י הראשונ/ה לתייג את הרשומה!
Thư viện lưu trữ: Thư viện Trường Đại học Đà Lạt
LEADER 00763nam a2200265 4500
001 DLU130156366
005 ##20131106
040 # # |a DLU  |b vie 
041 # # |a vie 
044 # # |a vn 
100 # # |a Lâm Dũng. 
245 # # |a IELTS 6.0 vẫn không nói được tiếng Anh /  |c Lâm Dũng. 
653 # # |a Chất lượng giáo dục 
653 # # |a Học tiếng Anh 
653 # # |a Kết quả học tập 
773 # # |t Tạp chí Dạy và học ngày nay   |g Số 6, 2005, tr. 48-49 
920 # # |a Phòng Tạp chí -- Trung tâm Thông tin - Thư viện Trường Đại học Đà Lạt 
994 # # |a DLU 
900 # # |a True 
911 # # |a Nguyễn Thị Linh Chi 
925 # # |a G 
926 # # |a A 
927 # # |a BB 
980 # # |a Thư viện Trường Đại học Đà Lạt